[Event "HUN-chT2 Szechenyi 0506"]
[Site "Hungary"]
[Date "2005.10.16"]
[Round "1"]
[White "Toth, Laszlo4444"]
[Black "Hlavacs, Krisztian"]
[Result "1-0"]
[WhiteElo "2249"]
[BlackElo "1990"]
[PlyCount "57"]
[EventDate "2005.10.16"]
[EventType "team"]
[EventRounds "11"]
[EventCountry "HUN"]
[SourceTitle "EXT 2009"]
[Source "ChessBase"]
[SourceDate "2008.11.26"]
[SourceVersion "1"]
[SourceVersionDate "2008.11.26"]
[SourceQuality "1"]
[WhiteTeam "Lovo"]
[BlackTeam "Tapolca Varju"]
[WhiteTeamCountry "HUN"]
[BlackTeamCountry "HUN"]

1. d4 d5 2. c4 c6 3. Nc3 Nf6 4. Nf3 g6 5. Bf4 Bg7 6. e3 0-0 7. Rc1 a6 8. Nd2 Bf5 9. Qb3 b5 10. cxd5 cxd5 11. Be2 Qd7 12. Bf3 Be6 13. 0-0 Nc6 14. a4 b4 15. Na2 a5 16. Qd3 Rfc8 17. Nb3 Qb7 18. Nc5 Qb6 19. Qb5 Qxb5 20. axb5 Nb8 21. Nxe6 Rxc1 22. Rxc1 Nbd7 23. Nxg7 Kxg7 24. Be5 Nxe5 25. dxe5 Ne4 26. Bxe4 dxe4 27. f3 exf3 28. gxf3 Rd8 29. b6 1-0

[Event "HUN-chT2 Szechenyi 0405"]
[Site "Hungary"]
[Date "2005.04.10"]
[Round "10"]
[White "Horvath, Imre2222"]
[Black "Hlavacs, Krisztian"]
[Result "1/2-1/2"]
[WhiteElo "2078"]
[BlackElo "2009"]
[PlyCount "22"]
[EventDate "2004.09.26"]
[EventType "team"]
[EventRounds "11"]
[EventCountry "HUN"]
[SourceTitle "EXT 2009"]
[Source "ChessBase"]
[SourceDate "2008.11.26"]
[SourceVersion "1"]
[SourceVersionDate "2008.11.26"]
[SourceQuality "1"]
[WhiteTeam "Szentgotthard"]
[BlackTeam "Tapolca II"]
[WhiteTeamCountry "HUN"]
[BlackTeamCountry "HUN"]

1. e4 c5 2. Nf3 a6 3. c3 d5 4. exd5 Qxd5 5. d4 cxd4 6. cxd4 e6 7. Nc3 Qd8 8. d5 Nf6 9. Bg5 Be7 10. dxe6 Bxe6 11. Nd4 Qb6 1/2-1/2

[Event "HUN-chT2 Szechenyi 0405"]
[Site "Hungary"]
[Date "2005.02.06"]
[Round "7"]
[White "Hlavacs, Krisztian"]
[Black "Gaal, Ede"]
[Result "1/2-1/2"]
[WhiteElo "2009"]
[BlackElo "2086"]
[PlyCount "113"]
[EventDate "2004.09.26"]
[EventType "team"]
[EventRounds "11"]
[EventCountry "HUN"]
[SourceTitle "EXT 2009"]
[Source "ChessBase"]
[SourceDate "2008.11.26"]
[SourceVersion "1"]
[SourceVersionDate "2008.11.26"]
[SourceQuality "1"]
[WhiteTeam "Tapolca II"]
[BlackTeam "Lovo"]
[WhiteTeamCountry "HUN"]
[BlackTeamCountry "HUN"]

1. c4 g6 2. d4 Bg7 3. Nc3 Nf6 4. e4 d6 5. Nf3 0-0 6. Be2 e5 7. dxe5 dxe5 8. 0-0 Nbd7 9. Bg5 c6 10. Qd2 Qe7 11. Rad1 Re8 12. Qd6 Bf8 13. Qxe7 Bxe7 14. Bd3 Kg7 15. h3 h6 16. Be3 Bc5 17. Rfe1 Bxe3 18. Rxe3 Nc5 19. Bc2 a5 20. b3 Nh5 21. Ree1 Nf4 22. Ne2 Nce6 23. Kh2 Nxe2 24. Rxe2 f6 25. g3 c5 26. Kg2 Kf7 27. Red2 b6 28. Ng1 Bb7 29. f3 Rad8 30. Rxd8 Rxd8 31. Rxd8 Nxd8 32. Kf2 Nc6 33. Ke3 Nd4 34. Bd1 f5 35. Ne2 fxe4 36. fxe4 Bc8 37. Ng1 Kf6 38. Kd3 Be6 39. Ke3 a4 40. Kd3 a3 41. Ke3 Nc6 42. Bc2 h5 43. Kd2 Nd4 44. Bd1 Bd7 45. Kc3 Bc6 46. Kd3 b5 47. Nf3 bxc4+ 48. bxc4 Bd7 49. Ng1 Ke7 50. h4 Kd6 51. Kc3 Bc6 52. Kd3 Kc7 53. Nf3 Nxf3 54. Bxf3 Ba4 55. Kc3 Kd6 56. Be2 Kc7 57. Bd3 1/2-1/2

[Event "HUN-chT2 0102"]
[Site "Hungary"]
[Date "2002.04.07"]
[Round "10"]
[White "Hlavacs, Krisztian"]
[Black "Timko, Melinda"]
[Result "0-1"]
[WhiteElo "2004"]
[BlackElo "2094"]
[PlyCount "72"]
[EventDate "2001.??.??"]
[EventType "team"]
[EventRounds "11"]
[EventCountry "HUN"]
[SourceTitle "EXT 2004"]
[Source "ChessBase"]
[SourceDate "2003.11.25"]
[SourceVersion "1"]
[SourceVersionDate "2003.11.25"]
[SourceQuality "1"]

1. c4 Nf6 2. Nc3 c5 3. g3 g6 4. Bg2 Bg7 5. e3 0-0 6. Nge2 Nc6 7. 0-0 d6 8. d3 a6 9. a3 Rb8 10. Rb1 Bd7 11. a4 Nb4 12. b3 Bf5 13. e4 Bg4 14. f3 Bd7 15. Be3 b5 16. axb5 axb5 17. Qd2 bxc4 18. bxc4 Be6 19. Nf4 Bd7 20. Rfd1 Nc6 21. Rxb8 Qxb8 22. Rb1 Qa8 23. Nfe2 Rb8 24. Rxb8+ Qxb8 25. Nb5 Qa8 26. h3 Ne5 27. f4 Qa1+ 28. Kh2 Nfg4+ 29. hxg4 Nxg4+ 30. Kh3 Nxe3+ 31. g4 Nxg2 32. Kxg2 Bxg4 33. Nbc3 e6 34. Nd1 h5 35. Nf2 Bxe2 36. Qxe2 Qb2 0-1

[Event "HUN-chT2 0102"]
[Site "Hungary"]
[Date "2002.01.13"]
[Round "5"]
[White "Hlavacs, Krisztian"]
[Black "Szabo, Peter"]
[Result "1/2-1/2"]
[WhiteElo "2004"]
[BlackElo "1666"]
[PlyCount "31"]
[EventDate "2001.??.??"]
[EventType "team"]
[EventRounds "11"]
[EventCountry "HUN"]
[SourceTitle "EXT 2004"]
[Source "ChessBase"]
[SourceDate "2003.11.25"]
[SourceVersion "1"]
[SourceVersionDate "2003.11.25"]
[SourceQuality "1"]

1. c4 e5 2. Nc3 Nf6 3. g3 Bb4 4. Nd5 Bc5 5. Bg2 c6 6. Nxf6+ Qxf6 7. e3 d6 8. Ne2 0-0 9. 0-0 Bg4 10. d3 Nd7 11. Qd2 Rfd8 12. Nc3 Nf8 13. Ne4 Qe7 14. f3 Bh5 15. Nc3 Ne6 16. a3 1/2-1/2

[Event "HUN-chT2 0102"]
[Site "Hungary"]
[Date "2001.12.02"]
[Round "4"]
[White "Tasnadi, Gyula"]
[Black "Hlavacs, Krisztian"]
[Result "1/2-1/2"]
[WhiteElo "1937"]
[BlackElo "2004"]
[PlyCount "37"]
[EventDate "2001.??.??"]
[EventType "team"]
[EventRounds "11"]
[EventCountry "HUN"]
[SourceTitle "EXT 2004"]
[Source "ChessBase"]
[SourceDate "2003.11.25"]
[SourceVersion "1"]
[SourceVersionDate "2003.11.25"]
[SourceQuality "1"]

1. Nf3 g6 2. g3 c6 3. Bg2 d5 4. 0-0 Bg7 5. d4 Nf6 6. Bf4 0-0 7. h3 Nbd7 8. Qc1 Re8 9. Re1 Ne4 10. Nbd2 Nxd2 11. Qxd2 e5 12. dxe5 Nxe5 13. Nxe5 Bxe5 14. c3 Qc7 15. Bxe5 Rxe5 16. Qd4 Qe7 17. e3 b6 18. Rac1 Bb7 19. a3 1/2-1/2

[Event "HUN-chT2 0102"]
[Site "Hungary"]
[Date "2001.11.18"]
[Round "3"]
[White "Hlavacs, Krisztian"]
[Black "Rabovszky, Gyorgy"]
[Result "1-0"]
[WhiteElo "2004"]
[BlackElo "2064"]
[PlyCount "77"]
[EventDate "2001.??.??"]
[EventType "team"]
[EventRounds "11"]
[EventCountry "HUN"]
[SourceTitle "EXT 2004"]
[Source "ChessBase"]
[SourceDate "2003.11.25"]
[SourceVersion "1"]
[SourceVersionDate "2003.11.25"]
[SourceQuality "1"]

1. c4 g6 2. Nc3 Bg7 3. g3 e6 4. Bg2 Ne7 5. e3 0-0 6. Nge2 d5 7. cxd5 exd5 8. d4 c6 9. 0-0 Bf5 10. b3 Na6 11. Ba3 Qd7 12. Rc1 Rfe8 13. Nf4 Nc8 14. Nd3 Nd6 15. Nc5 Nxc5 16. Bxc5 Ne4 17. Nxe4 dxe4 18. Qc2 Bh3 19. Rfe1 Bxg2 20. Kxg2 h5 21. h4 a6 22. Bb6 Bf8 23. Bc5 Bh6 24. Qe2 Qf5 25. Rh1 Rad8 26. Rc2 Rd5 27. Ba3 Red8 28. Rc5 Rxc5 29. Bxc5 Rd5 30. Rc1 Qd7 31. Bb4 f5 32. Rc5 Rxc5 33. Bxc5 Kf7 34. Qc4+ Qd5 35. Qb4 Qd7 36. Qc4+ Kf6 37. Qg8 Qf7 38. Qd8+ Ke6 39. Qd6# 1-0